E-conveyancing special (Record no. 72841)
[ view plain ]
| 000 -LEADER | |
|---|---|
| fixed length control field | 01291cam a2200217 4500 |
| 001 - CONTROL NUMBER | |
| control field | ABS66844 |
| 008 - FIXED-LENGTH DATA ELEMENTS--GENERAL INFORMATION | |
| fixed length control field | 030610n2003 000 0 eng u |
| 035 ## - SYSTEM CONTROL NUMBER | |
| System control number | (Sirsi) u122563 |
| 245 ## - TITLE STATEMENT | |
| Title | E-conveyancing special |
| 260 ## - PUBLICATION, DISTRIBUTION, ETC. | |
| Date of publication, distribution, etc. | 2003 |
| 490 ## - SERIES STATEMENT | |
| Series statement | Estates Gazette |
| Volume/sequential designation | (0322) 31 May 2003, 127-137(11) |
| 520 ## - SUMMARY, ETC. | |
| Summary, etc. | A series of articles on e-conveyancing examine the progress made to date and the issues that still need resolving. Electronic conveyancing aims to speed up all property transactions, making them cheaper and more transparent. The Land Registration Act 2002 comes into force on 13 October 2003 and the new system will roll out on a voluntary basis between January 2006-07. Articles discuss the industry's response to the Land Registry's e-conveyancing consultation, the Land Registry's efforts to take note of consultation responses, electronic searches via the National Land Information Service (NLIS), how e-conveyancing technology will affect the work of practitioners, and the new stamp duty regime. |
| 590 ## - LOCAL NOTE (RLIN) | |
| Local note | ABS |
| 650 ## - SUBJECT ADDED ENTRY--TOPICAL TERM | |
| Topical term or geographic name entry element | NATIONAL LAND INFORMATION SERVICE |
| 650 ## - SUBJECT ADDED ENTRY--TOPICAL TERM | |
| Topical term or geographic name entry element | ELECTRONIC TRANSACTIONS |
| 650 ## - SUBJECT ADDED ENTRY--TOPICAL TERM | |
| Topical term or geographic name entry element | PROPERTY TRANSACTIONS |
| 650 ## - SUBJECT ADDED ENTRY--TOPICAL TERM | |
| Topical term or geographic name entry element | LAND REGISTRATION ACT 2002 |
| 650 ## - SUBJECT ADDED ENTRY--TOPICAL TERM | |
| Topical term or geographic name entry element | STAMP DUTY |
| 690 ## - LOCAL SUBJECT ADDED ENTRY--TOPICAL TERM (OCLC, RLIN) | |
| Topical term or geographic name as entry element | PROPERTY AND LAND LAW-CONVEYANCING |
| 942 ## - ADDED ENTRY ELEMENTS (KOHA) | |
| Suppress in OPAC | 0 |
| Withdrawn status | Lost status | Source of classification or shelving scheme | Damaged status | Not for loan | Home library | Current library | Shelving location | Date acquired | Total Checkouts | Full call number | Barcode | Date last seen | Copy number | Price effective from | Koha item type |
|---|---|---|---|---|---|---|---|---|---|---|---|---|---|---|---|
| Dewey Decimal Classification | London | London | Journal article | 10/06/2003 | ABS66844 | 122563-1001 | 06/08/2019 | 1 | 06/08/2019 | Journal article |